| 000 | 00619cab a2200217 4500 | ||
|---|---|---|---|
| 001 | WB2903-79 | ||
| 008 | 090401t1993 xxu||||| |||| 00| 0 eng d | ||
| 035 | _a(Sirsi) u32189 | ||
| 041 | _aeng | ||
| 245 | _aHill sheep farming | ||
| 260 | _c1993 | ||
| 350 | _a0 | ||
| 490 |
_aFinancial Times _v21 January 1993, 30(1) |
||
| 520 | _aExamines how the cut in the Hill Livestock Compensatory Allowance will effect the Lake District. | ||
| 650 | _aHILL FARMING | ||
| 650 | _aHILL LIVESTOCK COMPENSATORY ALLOWANCE | ||
| 650 | _aLESS FAVOURED AREAS | ||
| 690 | _aRURAL PRACTICE | ||
| 942 | _n0 | ||
| 948 | _c04/03/1997 | ||
| 999 |
_c21602 _d21602 |
||